Corpus Linguistics for English Teachers New Tools, Online Resources and Classroom Activities

Gespeichert in:
Bibliographische Detailangaben
1. Verfasser: Friginal, Eric
Format: Buch
Sprache:Englisch
Veröffentlicht: New York Routledge 2018
Ausgabe:1st Edition
Schlagworte:
Tags: Tag hinzufügen
Keine Tags, Fügen Sie das erste Tag hinzu!

MARC

LEADER 00000nam a2200000 4500
001 0288051
005 20240416113826.8
020 |a 978-1-138-12309-0 
020 |a 978-1-138-12308-3 
041 0 |a eng 
044 |a US 
245 1 0 |a Corpus Linguistics for English Teachers  |b New Tools, Online Resources and Classroom Activities  |c Eric Friginal 
250 |a 1st Edition 
264 1 |a New York  |b Routledge  |c 2018 
300 |a 349 s. 
610 2 0 |a jazykoveda 
610 2 0 |a angličtina 
610 2 0 |a učitelia 
610 2 0 |a technológie informačné 
610 2 0 |a zdroje informačné elektronické 
610 2 0 |a slovníky 
610 2 0 |a gramatika 
100 1 |a Friginal, Eric